Word Ladder: Traveling X Quiz Stats

 Plays Quiz Updated Jul 3, 2012

Support Sporcle.
Go Orange.
Score 0/57 Timer 05:00
1 Play Today
Clue Answer % Correct
Cattle used for pulling↓ OXEN ↓
83.4%
Send a phone message↓ TEXT ↓
82.1%
In the vicinityNEAR
81.5%
TidyNEAT
81.4%
Something you do to muscles↓ FLEX ↓
81.1%
Hiker's portable shelterTENT
81.1%
At the front of the queue→ NEXT →
78.2%
Sign of things to comeOMEN
78.1%
Rider, Rodriguez or Trebek↓ ALEX ↓
77.6%
Drove too fastSPED
77.5%
Xavier's team of heroes→ X-MEN →
75.7%
ScorchSEAR
73.8%
Highest point↓ APEX ↓
72.6%
Former lovers↓ EXES ↓
72.4%
Chopping tools↓ AXES ↓
71.6%
ColorTINT
70.8%
Broadway awardTONY
70.5%
ProphetSEER
70.4%
Something sownSEED
69.9%
What penalty shoot-outs breakTIES
69%
Skeleton-likeBONY
68.5%
Young deerFAWN
67.6%
A figure-skating leap← AXEL ←
67.3%
Small food containersTINS
67%
Traveled by airFLEW
66.9%
Bucks' matesDOES
66.1%
Grassy areaLAWN
65.8%
Potato or needle featuresEYES
64.8%
A massive amountTONS
64.6%
Clue Answer % Correct
MimickedAPED
64.5%
ImperfectionFLAW
63.3%
Trails behindLAGS
62.1%
Like Superman's vision× X-RAY ×
61%
Sawmill inputLOGS
59.7%
Level, as of stadium seatingTIER
59.1%
Lower digitsTOES
58.6%
Contents of Hammurabi's CodeLAWS
57.7%
ColorsDYES
57.5%
Run awayFLEE
57.4%
Pub offeringsALES
54.7%
Square-shaped← BOXY ←
51%
First victim of fratricideABEL
50.2%
Clever, sly↓ FOXY ↓
48%
Rate of flow↓ FLUX ↓
46.6%
Sheltered from the windALEE
46.3%
Strip off skinFLAY
46.1%
A brawl one might joinFRAY
45.2%
A long, long timeAGES
44.5%
Goaty fellow, like Mr TumnusFAUN
42.4%
Wet weather conditionsFOGS
42.4%
Ersatz, fake← FAUX ←
42.1%
Like some Swiss cheeseAGED
40.6%
Tucked inABED
40.4%
More thanOVER
38.8%
Old fuddy-duddyFOGY
37.5%
Two-rail horse jump→ OXER →
36%
City on the upper VolgaTVER
28.8%

Today's Daily Dose

Missing Word
'80s Musicals

Word Ladder
Hereditary

Get the Picture
Food Names

From the Vault

Logos Through the Ages: Ford

by Darzlat

This quiz is built Ford tough.
Remove Ads.
Support Sporcle.
Get the best of Sporcle when you Go Orange. This ad-free experience offers more features, more stats, and more fun while also helping to support Sporcle. Thank you for becoming a member.

Show Comments

Extras

Top Quizzes Today


Score Distribution

Your Account Isn't Verified!

In order to create a playlist on Sporcle, you need to verify the email address you used during registration. Go to your Sporcle Settings to finish the process.

Report this User

Report this user for behavior that violates our Community Guidelines.

Details: